History Quizhanger #2 - Statistics

General Stats
  • This quiz has been taken 148 times
  • The average score is 6 of 18
Answer Stats
Clue Answer % Correct
First name of Von Bismarck (O)tto
92%
First name of ‘The Impaler’ a brutal leader who ruled Wallachia three times from 1448-1477 (V)lad
88%
Roman emperor from 54-68 who murdered his own mother (N)ero
62%
Battle of WW2 where the famous ‘raising the flag’ photo was taken (US flag) (I)wo Jima
56%
Bloodiest (by casualties) battle of the American civil war (G)ettysburg
53%
Famous 1415 100 years war battle won by the English (A)gincourt
52%
The ‘great survey’ that William the conqueror organised to determine taxation (D)omesday book
42%
English diarist who famously buried his Parmesan cheese in the Great fire of London (P)epys
40%
Surname of an American revolutionary who is incorrectly reported to have said ‘The British are coming’ in his ‘Midnight Ride’ (R)evere
32%
Crimean War battle where the Charge of the Light Brigade took place (B)alaclava
15%
The decisive battle in the First English civil war (1645) (N)aseby
14%
Country where the 1981-1986 bush war occurred (U)ganda
14%
River that a 1798 naval battle between Great Britain and France was named after (N)ile
12%
Treaty that ended the war of the Spanish succession (U)trecht
12%
‘This is not the end. It is not even the beginning of the end. But it is, perhaps, the end of the beginning’ Churchill said this quotation after this African battle (E)l Alemain
10%
The largest European battle prior to the First World War (L)eipzig
10%
1904-1908 Namibian genocide caused by German colonial rulers (H)erero and Nama
9%
GERMAN GENERAL (FIRST NAME PLUS DOUBLE BARRELLED SURNAME) Paul Von Hindenburg
8%
No matching quizzes found
Score Distribution
Percent of People with Each Score
Percentile by Number Answered
Your Score History
You have not taken this quiz